000 00582nam a2200181Ia 4500
008 100920s9999 xx 000 0 und d
082 _b57686
_a28 व 891 0
100 _a---
245 _aकथा रामायण.
260 _bइंद्रायणी साहित्य प्रकाशन,पुणे.
_c0
300 _a84
_bसाधी
365 _b10
520 _aबा.वि.लघुकथा.
630 _aकथा रामायण.
650 _aबा.वि.लघुकथा.
730 _aकथा रामायण.
942 _cBOOK
999 _c701482
_d701479